PRELIMINARY RESULTS ACHIEVED BY DIGITAL ARRANGE OF SPEECH SIGNAL FOR COCHLEAR IMPLANT

Bibliographic Details
Main Authors: Spudil, Ivan (Author), Polák, Marek (Author)
Format: Article
Language:English
ISBN:8096763644

MARC

LEADER 00000naa a2200000uu 4500
001 vtls010949605
003 SK-MaSNL
005 20260302125408.0
008 210905|1997 xo |||||||||||||||||eng|
015 |a SNBRA 
035 |a (urnnbn)urn:nbn:sk:snk:ar-a0biku 
035 |a (uuid)df6f3876-faa9-4ca0-b41d-d06c8c57d002 
035 |a urn:nbn:sk:snk-aauand 
040 |a SNKBUCL  |b slo  |c SNKBUCL  |e AACR2 
041 0 |a eng 
044 |a xo  |c SK 
100 1 |a Spudil, Ivan  |4 aut  |9 283416 
245 1 0 |a PRELIMINARY RESULTS ACHIEVED BY DIGITAL ARRANGE OF SPEECH SIGNAL FOR COCHLEAR IMPLANT  |c Ivan Spudil, Marek Polák 
700 1 |a Polák, Marek  |4 aut  |9 794097 
773 0 |t DSP '97 - 3rd International Conference on Digital Signal Processing, 3-4 September 1997, Herľany  |d Košice : Štrofek, 1997  |g S. 16-19  |z 8096763644 
958 |a OND 
958 |a article11 
958 |a chapter 
999 |c 1293439  |d 1295369